00508 2200181 4500001002100000005001500021008004100036035001900077041000700096082001600103090002100119100001700140700001600157245005100173260003600224300003300260650003300293INLIS00000000000531120241224113057241224||||||||| | ||| |||| || |  0010-1224005311 aid0 a398,209,598 a398.209598 ASE I0 aU. Syahbudin0 aA. Setiawan00aLegenda Ni Sumur Bandung Melawan Banteng Lilin aBandungbcv pustaka setiac2007 a26x18,5 cm, 122 hlm.; ilus.: 0aIlmu Sosial -- Cerita Rakyat